| 000 -CABECERA |
| Longitud fija campo de control |
00702nam a2200193 a 4500 |
| 001 - NÚMERO DE CONTROL |
| Número de control |
2870 |
| 003 - IDENTIFICADOR DEL NÚMERO DE CONTROL |
| Identificador del número de control |
CDMR |
| 005 - FECHA Y HORA DE LA ÚLTIMA TRANSACCIÓN |
| Fecha y hora de la última transacción |
20150723121501.0 |
| 008 - CÓDIGOS DE INFORMACIÓN DE LONGITUD FIJA |
| Códigos de información de longitud fija |
130130s2002||||||||||||||||||||||||||||d |
| 020 ## - NÚMERO INTERNACIONAL NORMALIZADO PARA LIBROS |
| Número Internacional Normalizado para Libros (ISBN) |
8493038474 |
| 040 ## - FUENTE DE LA CATALOGACIÓN |
| Centro catalogador de origen |
CDMR |
| Lengua de catalogación |
cat |
| Centro transcriptor |
CDMR |
| 100 1# - PUNTO DE ACCESO PRINCIPAL-NOMBRE DE PERSONA |
| Nombre de persona |
Vinyas i Comas, Joan |
| 9 (RLIN) |
2106 |
| 245 10 - MENCIÓN DE TÍTULO |
| Título |
Memòries d'un gironí |
| Mención de responsabilidad, etc. |
Joan Vinyas i Comas. Una visió de la premsa de Girona / per Lluís Costa |
| Resto del título |
: una visió de la premsa de Girona (estudi introductori) |
| 260 ## - PUBLICACIÓN, DISTRIBUCIÓN, ETC. (PIE DE IMPRENTA) |
| Lugar de publicación, distribución, etc. |
[Girona] |
| Fecha de publicación, distribución, etc. |
2002 |
| Nombre del editor, distribuidor, etc. |
Col·legi de Periodistes de Catalunya. Demarcació de Girona |
| 490 0# - MENCIÓN DE SERIE |
| Mención de serie |
Papers de comunicació |
| Designación de volumen o secuencia |
2 |
| 700 1# - PUNTO DE ACCESO ADICIONAL - NOMBRE DE PERSONA |
| 9 (RLIN) |
647 |
| Nombre de persona |
Costa i Fernández, Lluís |
| 740 4# - PUNTO DE ACCESO ADICIONAL - TÍTULO RELACIONADO O ANALÍTICO NO CONTROLADO |
| Título relacionado o analítico no controlado |
Una visió de la premsa de Girona |
| 942 ## - ENTRADA DE ELEMENTOS AGREGADOS (KOHA) |
| Koha [por defecto] tipo de item |
Monografies |
| Fuente de clasificaión o esquema |
|